| 000 | 01533nam a22003737a 4500 | ||
|---|---|---|---|
| 001 | 416 | ||
| 003 | FISKH | ||
| 005 | 20230410160832.0 | ||
| 008 | 230410b cb ||||| |||| 00| 0 eng d | ||
| 020 | _a9780375865411 | ||
| 040 |
_aDLC _cDLC _dDLC _dFISKH _beng |
||
| 042 | _alcac | ||
| 050 | 0 | 0 |
_aPZ7.H778125 _bSk 2006 |
| 082 | 0 | 0 |
_a974.71 _222 |
| 100 | 1 | _aHopkinson, Deborah. | |
| 245 | 1 | 0 |
_aSky boys : how they built the Empire State Building / _cDeborah Hopkinson & James E. Ransome. |
| 250 | _aFirst Dragonfly Books Edition | ||
| 260 |
_aNew York : _bDragonfly. _c2006. |
||
| 300 |
_a24 leaves of plates : _bcol. ill. ; _c30 cm. |
||
| 505 | _aM | ||
| 520 | _aIn 1931, a boy and his father watch as the world's tallest building, the Empire State Building, is constructed, step-by-step, near their Manhattan home. | ||
| 521 | 8 |
_a770
_bLexile AD |
|
| 521 | 8 |
_aM
_bRaz-Plus |
|
| 610 | 2 | 1 |
_aEmpire State Building (New York, N.Y.) _xDesign and construction _vFiction. |
| 650 | 1 |
_aSkyscrapers _vFiction. |
|
| 650 | 1 |
_aBuilding _vFiction. |
|
| 651 | 1 |
_aNew York (N.Y.) _xHistory _y1898-1951 _vFiction. |
|
| 700 | 1 |
_aRansome, James, _eill. |
|
| 856 | 4 | 2 |
_3Publisher description _uhttp://www.loc.gov/catdir/enhancements/fy0622/2005010852-d.html |
| 856 | 4 | 2 |
_3Contributor biographical information _uhttp://www.loc.gov/catdir/enhancements/fy0633/2005010852-b.html |
| 906 |
_a7 _bcbc _corignew _d1 _eecip _f20 _gy-gencatlg |
||
| 942 |
_2ddc _cBK _n0 |
||
| 999 |
_c416 _d416 |
||